000 00590cam a2200145 4500500
005 20260208005833.0
041 _afre
042 _adc
100 1 0 _aDumasy-Queffélec, Lise
_eauthor
245 0 0 _aCahiers pour la littérature populaire. Dir. ROBERT BONACCORSI et JACQUES PAPIN. Imprimerie Hemisud, avril 2003.
260 _c2005.
500 _a94
786 0 _nRevue d'histoire littéraire de la France | 105 | 4 | 2005-10-01 | p. 1031r-1076r | 0035-2411
856 4 1 _uhttps://shs.cairn.info/revue-d-histoire-litteraire-de-la-france-2005-4-page-1031r?lang=fr&redirect-ssocas=7080
999 _c1654054
_d1654054